Contemporary Project Management / (Record no. 592933)
[ view plain ]
| 000 -LEADER | |
|---|---|
| fixed length control field | 00481nam a22001457a 4500 |
| 003 - CONTROL NUMBER IDENTIFIER | |
| control field | NUST |
| 005 - DATE AND TIME OF LATEST TRANSACTION | |
| control field | 20230127080810.0 |
| 082 ## - DEWEY DECIMAL CLASSIFICATION NUMBER | |
| Classification number | 658.404,KLO |
| 100 ## - MAIN ENTRY--PERSONAL NAME | |
| Personal name | J. Kloppenborg, Timothy |
| 9 (RLIN) | 106915 |
| 245 ## - TITLE STATEMENT | |
| Title | Contemporary Project Management / |
| Statement of responsibility, etc. | Timothy J. Kloppenborg, |
| 505 ## - FORMATTED CONTENTS NOTE | |
| Formatted contents note | Part.1 Organizing projects (Page-3), Part.2 Planning projects (Page-101), Part.3 Performing projects (Page-303). |
| 650 ## - SUBJECT ADDED ENTRY--TOPICAL TERM | |
| Topical term or geographic name entry element | Project Management |
| 651 ## - SUBJECT ADDED ENTRY--GEOGRAPHIC NAME | |
| Geographic name | Contemporary |
| 9 (RLIN) | 106916 |
| 942 ## - ADDED ENTRY ELEMENTS (KOHA) | |
| Source of classification or shelving scheme | |
| Koha item type | Book |
| Withdrawn status | Lost status | Source of classification or shelving scheme | Damaged status | Not for loan | Permanent Location | Current Location | Shelving location | Date acquired | Total Checkouts | Full call number | Barcode | Date last seen | Date last checked out | Price effective from | Koha item type | Public note |
|---|---|---|---|---|---|---|---|---|---|---|---|---|---|---|---|---|
| Military College of Signals (MCS) | Military College of Signals (MCS) | General Stacks | 01/16/2023 | 1 | 658.404,KLO | MCS37876 | 01/25/2023 | 01/16/2023 | 01/16/2023 | Book | Almirah No.55, Shelf No.2 |
